[Event "Brazil AXPG op 1st"]
[Site "Ponta Grossa"]
[Date "2017.10.28"]
[Round "4"]
[White "Bonfim, Regina Rodrigues"]
[Black "Ribas, Luana Fraresso"]
[Result "1-0"]
[WhiteElo "1768"]
[BlackElo "1121"]
[PlyCount "85"]
[EventDate "2017.10.26"]
[EventType "swiss"]
[EventRounds "7"]
[EventCountry "BRA"]
[SourceTitle "CBM 181 Extra"]
[Source "ChessBase"]
[SourceDate "2017.12.12"]
[SourceVersion "1"]
[SourceVersionDate "2017.12.12"]
[SourceQuality "1"]

1. h4 Nf6 2. h5 g6 3. hxg6 fxg6 4. Nf3 Bg7 5. e3 0-0 6. d4 d6 7. Bc4+ Kh8 8. Ng5 h6 9. Nf7+ Rxf7 10. Bxf7 Bf5 11. c3 Qd7 12. Bc4 e6 13. f3 g5 14. e4 Bg6 15. Bxg5 Kg8 16. Bxh6 Nh7 17. Qd2 a6 18. Na3 b5 19. Bb3 Nc6 20. 0-0-0 Na5 21. Bc2 Qf7 22. Kb1 Rb8 23. Rh3 c5 24. Bxg7 Qxg7 25. dxc5 b4 26. Qxd6 Rb7 27. cxb4 Qf6 28. Qd8+ Qxd8 29. Rxd8+ Kg7 30. bxa5 Ng5 31. Rg3 Nf7 32. Ra8 Rc7 33. Rxa6 Rxc5 34. Rxe6 Rxa5 35. Rexg6+ Kf8 36. b4 Re5 37. Nc4 Rb5 38. a3 Ke7 39. Rg7 Ke8 40. Ba4 Nd8 41. Bxb5+ Kf8 42. Nd6 Nc6 43. Rf7# 1-0

[Event "Brazil AXPG op 1st"]
[Site "Ponta Grossa"]
[Date "2017.10.27"]
[Round "2"]
[White "Ribas, Luana Fraresso"]
[Black "Guimaraes, Artemis Pamela"]
[Result "0-1"]
[WhiteElo "1121"]
[BlackElo "1942"]
[PlyCount "96"]
[EventDate "2017.10.26"]
[EventType "swiss"]
[EventRounds "7"]
[EventCountry "BRA"]
[SourceTitle "CBM 181 Extra"]
[Source "ChessBase"]
[SourceDate "2017.12.12"]
[SourceVersion "1"]
[SourceVersionDate "2017.12.12"]
[SourceQuality "1"]

1. Nf3 Nf6 2. g3 b5 3. Bg2 Bb7 4. 0-0 e6 5. d3 Be7 6. Nbd2 0-0 7. e4 d6 8. Qe2 c5 9. a4 b4 10. Re1 Nc6 11. c3 Rc8 12. Nf1 Ba6 13. Bd2 Ng4 14. h3 Nge5 15. Nxe5 dxe5 16. Qg4 Bxd3 17. Rad1 c4 18. Bh6 Bf6 19. h4 Kh8 20. Bg5 h6 21. Bxf6 Qxf6 22. b3 bxc3 23. bxc4 Rfd8 24. Rc1 c2 25. Ra1 Nd4 26. Ra3 c1Q 27. Rxc1 Ne2+ 28. Kh2 Nxc1 29. Qd1 Bxf1 30. Qxf1 Rd2 31. Rf3 Qe7 32. Qe1 Rc2 33. Qe3 R2xc4 34. Bf1 R4c7 35. Ba6 Rd8 36. Bb5 Qb4 37. g4 Qd4 38. Qa3 Rc2 39. Rxf7 Rxf2+ 40. Rxf2 Qxf2+ 41. Kh3 Rf8 42. Qg3 Rf3 43. Qxf3 Qxf3+ 44. Kh2 Nb3 45. Ba6 Nc5 46. Bc8 Nxe4 47. Bb7 Qg3+ 48. Kh1 Nf2# 0-1

[Event "Curitiba IEP&Copel op"]
[Site "Curitiba"]
[Date "2017.05.14"]
[Round "5"]
[White "Ribas, Luana Fraresso"]
[Black "De Maria, Anesio Jose"]
[Result "0-1"]
[WhiteElo "1727"]
[BlackElo "1163"]
[PlyCount "46"]
[EventDate "2017.05.12"]
[EventType "swiss"]
[EventRounds "6"]
[EventCountry "BRA"]
[SourceTitle "CBM 178 Extra"]
[Source "ChessBase"]
[SourceDate "2017.06.22"]
[SourceVersion "1"]
[SourceVersionDate "2017.06.22"]
[SourceQuality "1"]

1. Nf3 a5 2. g3 h5 3. Bg2 Nc6 4. 0-0 d5 5. d3 Nf6 6. Nbd2 e5 7. e4 d4 8. a4 Bg4 9. h3 Be6 10. Nc4 Bd6 11. c3 Qd7 12. Kh2 0-0-0 13. Nfd2 Bc5 14. Nf3 Ng4+ 15. hxg4 hxg4+ 16. Kg1 gxf3 17. Qxf3 f6 18. Bd2 Bg4 19. cxd4 Bxd4 20. Nxa5 Bxf3 21. Bxf3 Qh3 22. Rfe1 Qh2+ 23. Kf1 Qxf2# 0-1

[Event "Curitiba IEP&Copel op"]
[Site "Curitiba"]
[Date "2017.05.12"]
[Round "1"]
[White "De Borba, Gabriel"]
[Black "Ribas, Luana Fraresso"]
[Result "1-0"]
[WhiteElo "1903"]
[BlackElo "1727"]
[PlyCount "45"]
[EventDate "2017.05.12"]
[EventType "swiss"]
[EventRounds "6"]
[EventCountry "BRA"]
[SourceTitle "CBM 178 Extra"]
[Source "ChessBase"]
[SourceDate "2017.06.22"]
[SourceVersion "1"]
[SourceVersionDate "2017.06.22"]
[SourceQuality "1"]

1. e4 d6 2. d4 Nf6 3. Nc3 g6 4. f3 Bg7 5. Be3 0-0 6. Qd2 Nbd7 7. 0-0-0 b6 8. g4 Bb7 9. h4 e5 10. d5 c6 11. dxc6 Bxc6 12. h5 Qc7 13. hxg6 fxg6 14. Nh3 Rac8 15. Ng5 h6 16. Bc4+ d5 17. exd5 Nxd5 18. Nxd5 Bxd5 19. Bxd5+ Kh8 20. Ne6 Qb8 21. Bxh6 Bxh6 22. Qxh6+ Kg8 23. Nxf8# 1-0

[Event "Caioba Telecom op"]
[Site "Caioba"]
[Date "2016.08.27"]
[Round "4"]
[White "Ribas, Luana Fraresso"]
[Black "De Oliveira, Jesus Clayton"]
[Result "0-1"]
[WhiteElo "1800"]
[BlackElo "1516"]
[PlyCount "46"]
[EventDate "2016.08.26"]
[EventType "swiss"]
[EventRounds "6"]
[EventCountry "BRA"]
[SourceTitle "CBM 174 Extra"]
[Source "ChessBase"]
[SourceDate "2016.10.10"]
[SourceVersion "1"]
[SourceVersionDate "2016.10.10"]
[SourceQuality "1"]

1. e4 e6 2. Nc3 d5 3. e5 c5 4. d3 Nc6 5. Nf3 Qc7 6. Bf4 Nh6 7. h3 Be7 8. Qe2 0-0 9. 0-0-0 Nf5 10. g4 Nfd4 11. Nxd4 Nxd4 12. Qd2 b5 13. Be3 b4 14. Bxd4 cxd4 15. Nb5 Qxe5 16. Qxb4 Bxb4 17. a3 Be7 18. Bg2 a6 19. Nxd4 Qxd4 20. f3 Qf2 21. Rhg1 Bxa3 22. bxa3 Rb8 23. Rd2 Qxg1+ 0-1